Планирование и статистическая обработка результатов статических испытаний и испытаний на усталость. Расчеты и испытания на прочность в машиностроении; Методические указания. РД 50-705-91

Podrobná bibliografie
Korporativní autor: Комитет стандартизации и метрологии СССР
Jazyk:ruština
Vydáno: Москва, Издательство стандартов, 1992
Edice:Руководящий документ
Témata:
Médium: MixedMaterials Kniha
KOHA link:https://koha.lib.tpu.ru/cgi-bin/koha/opac-detail.pl?biblionumber=146223

MARC

LEADER 00000nam0a2200000 4500
001 146223
005 20231101221215.0
029 1 0 |a RU  |b 50-705-91  |c РД 
035 |a (RuTPU)RU\TPU\book\158491 
035 |a RU\TPU\book\158484 
090 |a 146223 
100 |a 20081028d1992 k y0rusy50 ca 
101 0 |a rus 
102 |a RU 
105 |a a l 000zy 
200 1 |a Планирование и статистическая обработка результатов статических испытаний и испытаний на усталость. Расчеты и испытания на прочность в машиностроении  |a Методические указания. РД 50-705-91  |f Комитет стандартизации и метрологии СССР 
210 |a Москва  |c Издательство стандартов  |d 1992 
215 |a 168 с.  |c ил. 
225 1 |a Руководящий документ 
229 |a Утверждены и введены в действие Постановлением Государственного комитета СССР по управлению качеством продукции и стандартам от 27.06.91 № 1164 
610 1 |a руководящие документы 
610 1 |a РД 
610 1 |a планирование 
610 1 |a статистическая обработка 
610 1 |a результаты испытания 
610 1 |a испытания 
610 1 |a усталость 
610 1 |a расчеты 
610 1 |a расчеты на прочность 
610 1 |a машиностроение 
610 1 |a статические испытания 
675 |a 621(083)  |v 3 
712 0 2 |a Комитет стандартизации и метрологии СССР  |2 stltpush  |3 (RuTPU)RU\TPU\col\13362  |9 25628 
801 1 |a RU  |b 63413507  |c 20021122  |g PSBO 
801 2 |a RU  |b 63413507  |c 20221207  |g PSBO 
942 |c BK